000 00374 a2200169 4500
001 69666
020 _a8535603832
040 _cAnchieta - Itaigara
100 _aGaboardi, Lucila C.
240 1 0 _aA fuga de Filomena
_lpor
245 1 0 _aA fuga de Filomena
300 _a30
362 0 _a2001
440 1 _aPaulinas
650 4 _aLiteratura infanto-juvenil
942 _cBK
999 _c69666
_d69666